| 000 | 00532nam a2200193 u 4500 | ||
|---|---|---|---|
| 005 | 20240815063751.0 | ||
| 008 | 091013s2008 r 000 0 eng d | ||
| 020 | _a9789507249075 | ||
| 035 | _aUPN01000173120 | ||
| 049 | _aCG | ||
| 050 | 4 |
_aRC552 A5 _bM3.7 |
|
| 100 | 1 | _aMariani, María Cristina | |
| 245 | 1 | 1 |
_a¡Sí, se puede! : _bsuperar la anorexia / _cMaría Cristina Mariani. |
| 260 |
_aBuenos Aires : _bLumen, _c2008. |
||
| 300 | _a159 p. | ||
| 440 | 0 | _aVida sana | |
| 650 | 2 |
_aAnorexia nerviosa _94748 |
|
| 905 | _aLibro | ||
| 999 |
_c145224 _d145224 |
||